A un año, más organización y una esperanza madura /

সংরক্ষণ করুন:
গ্রন্থ-পঞ্জীর বিবরন
প্রধান লেখক: Falla, Ricardo
বিন্যাস: পাঠ‍্য
ট্যাগগুলো: ট্যাগ যুক্ত করুন
কোনো ট্যাগ নেই, প্রথমজন হিসাবে ট্যাগ করুন!

MARC

LEADER 00000 a a2200000 04500
001 7114
003
040
100 |a Falla, Ricardo  
245 |a A un año, más organización y una esperanza madura /  |c Ricardo Falla 
773 |g volumen 18, número 212; páginas 27-38  
999 |c 24816  |d 24816